| 000 -LEADER |
| fixed length control field |
00339nam a22001457a 4500 |
| 008 - FIXED-LENGTH DATA ELEMENTS--GENERAL INFORMATION |
| fixed length control field |
230901b ||||| |||| 00| 0 eng d |
| 020 ## - INTERNATIONAL STANDARD BOOK NUMBER |
| International Standard Book Number |
9780520205987 |
| 041 ## - LANGUAGE CODE |
| Language code of text/sound track or separate title |
eng |
| 080 ## - UNIVERSAL DECIMAL CLASSIFICATION NUMBER |
| Universal Decimal Classification number |
616.053 |
| 082 ## - DEWEY DECIMAL CLASSIFICATION NUMBER |
| Classification number |
616.053BER |
| 100 ## - Rafti |
| Rafti |
14 |
| 101 ## - Shkurtesa |
| Shkurtesa |
PEDIA |
| 245 ## - TITLE STATEMENT |
| Title |
DRUG WAR POLITICS THE PRICE OF DENIAL |
| Statement of responsibility, etc |
BERTRAM.E |
| 942 ## - ADDED ENTRY ELEMENTS (KOHA) |
| Source of classification or shelving scheme |
|
| Item type |
Books |